000 01189nmm a2200361 a 4500
003 AR-BaBNM
005 20251128210854.0
008 061020s1999 ||||||||||||||000 | spa||
020 _a950-586-114-1
040 _cAR-BaBNM
100 1 _aRoche Olivar, Robert
245 1 0 _aDesarrollo de la inteligencia emocional y social desde los valores y actitudes prosociales en la escuela
_bguía práctica para la enseñanza y el aprendizaje vital en alumnos del EGB 3
250 _a1ª ed.
260 _aBuenos Aires
_bCiudad Nueva
_c1999
300 0 _a352 p.
_btablas
500 0 _aContiene referencias bibliográficas
650 4 _aAMBIENTE EDUCACIONAL
650 4 _aSOLIDARIDAD
650 4 _aRELACIONES ENTRE GRUPOS
650 4 _aRELACIONES ENTRE PARES
650 4 _aPARTICIPACION DEL ALUMNO
650 4 _aACTITUD SOCIAL
653 0 _aTEMAS TRANSVERSALES
653 0 _aEDUCACION PARA LA CONVIVENCIA
653 0 _aTERCER CICLO DE LA EGB
653 0 _aEDUCACION SECUNDARIA
653 0 _aEDUCACION EN VALORES
653 0 _aESTRATEGIAS DIDACTICAS
653 0 _aCONTENIDOS CURRICULARES
700 1 _aRoche, Ignasi-Kolbe
_ecolaborador
942 _cBK
998 _cRAQUEL
999 _c17253
_d17253